00498nam a2200193Ia 4500008004100000020001800041050001400059100001900073245003100092245004400123260001500167260001600182260000900198300001500207300002700222300001000249440003700259500000800296170918s9999 xx 000 0 und d a9780545461870 bP233 2011 aParish, Herman aGo West, Amelia Bedelia! / cHerman Parish ; pictures by Lynn Sweat. aNew York : bScholastic, c2011 a63 pages : bcolored illustration ; c23cm. aI can read! Reading with help 2. a440